[Event "Ivy League Challenge"]
[Site "Toronto"]
[Date "2018.11.10"]
[Round "4.2"]
[White "Fabbri, Alexander R"]
[Black "Li, Ethan"]
[Result "0-1"]
[WhiteElo "2248"]
[BlackElo "2067"]
[PlyCount "116"]
[EventDate "2018.11.09"]
[EventType "team-tourn"]
[EventRounds "5"]
[EventCountry "CAN"]
[SourceTitle "EXT 2022"]
[Source "ChessBase"]
[SourceDate "2021.10.06"]
[SourceVersion "1"]
[SourceVersionDate "2021.10.06"]
[SourceQuality "1"]
[WhiteTeam "Yale University"]
[BlackTeam "Princeton University"]
[WhiteTeamCountry "USA"]
[BlackTeamCountry "USA"]

1. Nf3 d5 2. g3 Bg4 3. Bg2 Nf6 4. 0-0 Nbd7 5. d4 e6 6. Nbd2 Be7 7. Re1 0-0 8. e4 dxe4 9. Nxe4 Nxe4 10. Rxe4 Nf6 11. Re1 c5 12. h3 Bxf3 13. Bxf3 cxd4 14. Bxb7 Rb8 15. Ba6 Nd5 16. a3 Bf6 17. Bd3 a5 18. b3 Qb6 19. Qf3 Rfd8 20. Qe4 g6 21. h4 Bg7 22. h5 Nf6 23. Qh4 Nxh5 24. g4 Nf6 25. Bf4 Nd5 26. Bxb8 Rxb8 27. Qh2 Bf8 28. Re4 Nf6 29. Kg2 Nxe4 30. Bxe4 h6 31. Qf4 Qd6 32. Qf3 Rb5 33. b4 axb4 34. axb4 Rxb4 35. Ra7 Be7 36. Qd3 Kg7 37. Qf3 Rc4 38. Bd3 Rc7 39. Ra6 Qe5 40. Ra1 Bd6 41. Ra4 Rc3 42. Ra7 Rc7 43. Ra4 Rc3 44. Ra7 Bc7 45. Ra8 Qh2+ 46. Kf1 Qf4 47. Qb7 Qxg4 48. Qc8 Kf6 49. Ra7 Qf4 50. Qh8+ Kg5 51. Qe8 Kh4 52. Qe7+ g5 53. Ra4 Rxd3 54. cxd3 Qc1+ 55. Ke2 Qc2+ 56. Ke1 Bf4 57. Ra7 Qd2+ 58. Kf1 Kh3 0-1

[Event "Warsaw Najdorf Memorial op-A"]
[Site "Warsaw"]
[Date "2011.07.14"]
[Round "1"]
[White "Vysochin, Spartak"]
[Black "Fabbri, Alexander R"]
[Result "1-0"]
[WhiteElo "2552"]
[BlackElo "2194"]
[PlyCount "83"]
[EventDate "2011.07.13"]
[EventType "swiss"]
[EventRounds "9"]
[EventCountry "POL"]
[SourceTitle "CBM 143 Extra"]
[Source "ChessBase"]
[SourceDate "2011.08.29"]
[SourceVersion "1"]
[SourceVersionDate "2011.08.29"]
[SourceQuality "1"]

1. e4 c6 2. d4 d5 3. Nd2 dxe4 4. Nxe4 Nf6 5. Nxf6+ exf6 6. Bc4 Bd6 7. Qe2+ Qe7 8. Qxe7+ Kxe7 9. Ne2 Bf5 10. c3 Nd7 11. Bf4 Be6 12. Bd3 Rhe8 13. b3 Rad8 14. 0-0-0 Nb6 15. Bxd6+ Kxd6 16. c4 Kc7 17. Rhe1 g6 18. Kb2 Nc8 19. Kc3 Ne7 20. Nf4 Bf5 21. Re3 Bxd3 22. Rde1 Bf5 23. Rxe7+ Rxe7 24. Rxe7+ Rd7 25. Re8 a5 26. a3 b5 27. c5 b4+ 28. axb4 axb4+ 29. Kc4 g5 30. Nh5 Be6+ 31. Kd3 Bxb3 32. Nxf6 Rd8 33. Re7+ Kb8 34. Nd7+ Rxd7 35. Rxd7 Be6 36. Re7 h5 37. f3 Bd5 38. Re5 g4 39. Rxh5 gxf3 40. gxf3 Bxf3 41. Rf5 Bd5 42. h4 1-0